[Event "Bodensee op 9th"]
[Site "Bregenz"]
[Date "2025.05.26"]
[Round "3"]
[White "Luethi, Walter"]
[Black "Hanewinkel, Martin"]
[Result "1-0"]
[WhiteElo "1754"]
[BlackElo "1962"]
[PlyCount "105"]
[EventDate "2025.05.24"]
[EventType "swiss"]
[EventRounds "9"]
[EventCountry "AUT"]
[SourceTitle "CB23_2025"]
[SourceDate "2025.06.04"]
[SourceVersion "1"]
[SourceVersionDate "2025.06.04"]
[SourceQuality "1"]

1. e4 c5 2. Nf3 e6 3. d4 cxd4 4. Nxd4 a6 5. Bd3 Qc7 6. c4 Nc6 7. Nxc6 dxc6 8. 0-0 Nf6 9. Qe2 e5 10. b3 Bc5 11. Be3 Bxe3 12. Qxe3 Qe7 13. Qg5 h6 14. Qe3 Be6 15. Nc3 Nh5 16. Ne2 g5 17. Ng3 Nf4 18. Bc2 h5 19. Nf5 Bxf5 20. exf5 f6 21. Rad1 Kf7 22. Rd2 Rad8 23. Rfd1 g4 24. g3 Nh3+ 25. Kg2 Ng5 26. c5 Nf3 27. Rxd8 Rxd8 28. Qh6 Rd4 29. Qxh5+ Kf8 30. Qh8+ Kf7 31. Rxd4 exd4 32. Qh7+ Ke8 33. Qxe7+ Kxe7 34. Bd1 Ne1+ 35. Kf1 Nd3 36. Bxg4 Nxc5 37. Ke2 a5 38. Bf3 Kd6 39. h4 Ke5 40. Bg4 Nd7 41. h5 c5 42. Kd3 Kd6 43. h6 Ne5+ 44. Kd2 Nf7 45. h7 b5 46. f4 c4 47. bxc4 bxc4 48. Bh5 Nh8 49. g4 Ke7 50. g5 Kf8 51. g6 Kg7 52. Be2 c3+ 53. Kd3 1-0

[Event "Bodensee op 9th"]
[Site "Bregenz"]
[Date "2025.05.25"]
[Round "2"]
[White "Mayr, Manfred"]
[Black "Luethi, Walter"]
[Result "1/2-1/2"]
[WhiteElo "1979"]
[BlackElo "1754"]
[PlyCount "39"]
[EventDate "2025.05.24"]
[EventType "swiss"]
[EventRounds "9"]
[EventCountry "AUT"]
[SourceTitle "CB23_2025"]
[SourceDate "2025.06.04"]
[SourceVersion "1"]
[SourceVersionDate "2025.06.04"]
[SourceQuality "1"]

1. Nf3 d5 2. g3 c6 3. Bg2 Bg4 4. 0-0 Nd7 5. d4 e6 6. c4 Ngf6 7. Qb3 Qb6 8. Nbd2 Be7 9. Qc3 Ne4 10. Qe3 Nxd2 11. Nxd2 0-0 12. b3 Bf6 13. Bb2 h6 14. Rfe1 Rfe8 15. c5 Qc7 16. f4 g5 17. Nf3 gxf4 18. gxf4 Bxf3 19. Qxf3 Nxc5 20. Kh1 1/2-1/2